Mocenská posedlost / František Koukolík
Record details
- ISBN: 978-80-246-3916-1
- Physical Description: 359 stran ; 21 cm
- Edition: Vydání druhé, přepracované
- Publisher: Praha : Univerzita Karlova, nakladatelství Karolinum, 2018
Content descriptions
| Bibliography, etc. Note: | Obsahuje bibliografie |
Search for related items by subject
| Subject: | moc elity lidské chování sociální deviace poruchy osobnosti civilizace > 21. století |
| Genre: | studie |
Available copies
- 1 of 1 copy available at Common Catalog SPOK.
Holds
- 0 current holds with 1 total copy.
Show Only Available Copies
| Location | Call Number / Copy Notes | Barcode | Shelving Location | Status | Due Date |
|---|---|---|---|---|---|
| Jabok Library | Soc-1.7.7
Pořízeno z projektu Škola jako místo, kde se vzdělává a žije: CZ.07.4.68/0.0/0.0/16_037/0000325
|
424480040635 | Odborná literatura | Available | - |
| LDR | 01431nam a2200445 i 4500 | ||
|---|---|---|---|
| 001 | 30321 | ||
| 003 | CZ-PrJAB | ||
| 005 | 20180524070340.0 | ||
| 007 | ta | ||
| 008 | 180409s2018 xr e 000 0 cze | ||
| 015 | . | ‡acnb002991226 | |
| 020 | . | ‡a978-80-246-3916-1 ‡q(brožováno) | |
| 035 | . | ‡a(CZ PrNK)nkc20182991226 | |
| 040 | . | ‡aABA001 ‡bcze ‡erda | |
| 072 | 7. | ‡a316.4/.7 ‡xSociální interakce. Sociální komunikace ‡2Konspekt ‡918 | |
| 080 | . | ‡a316.462 ‡2MRF | |
| 080 | . | ‡a316.344.42 ‡2MRF | |
| 080 | . | ‡a159.95 ‡2MRF | |
| 080 | . | ‡a316.624 ‡2MRF | |
| 080 | . | ‡a616.89-008.485 ‡2MRF | |
| 080 | . | ‡a316.7+008 ‡2MRF | |
| 080 | . | ‡a(048.8) ‡2MRF | |
| 100 | 1 | . | ‡aKoukolík, František, ‡d1941- ‡7jn19990209398 ‡4aut |
| 245 | 1 | 0. | ‡aMocenská posedlost / ‡cFrantišek Koukolík |
| 250 | . | ‡aVydání druhé, přepracované | |
| 264 | 1. | ‡aPraha : ‡bUniverzita Karlova, nakladatelství Karolinum, ‡c2018 | |
| 300 | . | ‡a359 stran ; ‡c21 cm | |
| 336 | . | ‡atext ‡btxt ‡2rdacontent | |
| 337 | . | ‡abez média ‡bn ‡2rdamedia | |
| 338 | . | ‡asvazek ‡bnc ‡2rdacarrier | |
| 504 | . | ‡aObsahuje bibliografie | |
| 650 | 0 | 7. | ‡amoc ‡7ph122929 ‡2czenas |
| 650 | 0 | 7. | ‡aelity ‡7ph114463 ‡2czenas |
| 650 | 0 | 7. | ‡alidské chování ‡7ph117221 ‡2czenas |
| 650 | 0 | 7. | ‡asociální deviace ‡7ph125780 ‡2czenas |
| 650 | 0 | 7. | ‡aporuchy osobnosti ‡7ph137001 ‡2czenas |
| 650 | 0 | 7. | ‡acivilizace ‡7ph119248 ‡y21. století ‡2czenas |
| 655 | 7. | ‡astudie ‡7fd133597 ‡2czenas | |
| 910 | . | ‡aABG312 | |
| 901 | . | ‡a30321 ‡b ‡c30321 ‡tbiblio | |